<?xml version="1.0" encoding="UTF-8"?>
<record
    xmlns:xsi="http://www.w3.org/2001/XMLSchema-instance"
    xsi:schemaLocation="http://www.loc.gov/MARC21/slim http://www.loc.gov/standards/marcxml/schema/MARC21slim.xsd"
    xmlns="http://www.loc.gov/MARC21/slim">

  <leader>00616cam a22002292i 4500</leader>
  <controlfield tag="001">CIP113009106</controlfield>
  <controlfield tag="003">YEEZEN</controlfield>
  <controlfield tag="005">20250903144953.0</controlfield>
  <controlfield tag="008">240618s2024    ch     e      000 0 chi d</controlfield>
  <datafield tag="020" ind1=" " ind2=" ">
    <subfield code="a">9786267268995</subfield>
    <subfield code="q">(&#x5E73;&#x88DD;) :</subfield>
    <subfield code="c">NT$400</subfield>
  </datafield>
  <datafield tag="040" ind1=" " ind2=" ">
    <subfield code="a">CIP</subfield>
    <subfield code="b">chi</subfield>
    <subfield code="c">CIP</subfield>
  </datafield>
  <datafield tag="042" ind1=" " ind2=" ">
    <subfield code="a">nbic</subfield>
  </datafield>
  <datafield tag="084" ind1=" " ind2=" ">
    <subfield code="a">415</subfield>
    <subfield code="2">ncsclt</subfield>
  </datafield>
  <datafield tag="090" ind1=" " ind2=" ">
    <subfield code="a">415</subfield>
  </datafield>
  <datafield tag="245" ind1="1" ind2="0">
    <subfield code="a">ICU&#x91CD;&#x75C7;&#x91AB;&#x7642;&#x73FE;&#x5834;3: &#x7576;&#x4E00;&#x500B;&#x66F4;&#x6709;&#x6EAB;&#x5EA6;&#x7684;&#x4EBA;</subfield>
    <subfield code="c"> /&#x9673;&#x5FD7;&#x91D1;&#x8457;</subfield>
  </datafield>
  <datafield tag="250" ind1=" " ind2=" ">
    <subfield code="a">&#x521D;&#x7248;</subfield>
  </datafield>
  <datafield tag="260" ind1=" " ind2=" ">
    <subfield code="a">&#x81FA;&#x5317;&#x5E02; :</subfield>
    <subfield code="b">&#x539F;&#x6C34;&#x6587;&#x5316;, </subfield>
    <subfield code="c">2024.08</subfield>
  </datafield>
  <datafield tag="300" ind1=" " ind2=" ">
    <subfield code="a">&#x9762; ;</subfield>
    <subfield code="c">&#x516C;&#x5206;</subfield>
  </datafield>
  <datafield tag="650" ind1=" " ind2="7">
    <subfield code="2">lcstt</subfield>
    <subfield code="a">&#x91CD;&#x75C7;&#x91AB;&#x5B78;</subfield>
  </datafield>
  <datafield tag="650" ind1=" " ind2="7">
    <subfield code="2">lcstt</subfield>
    <subfield code="a">&#x901A;&#x4FD7;&#x4F5C;&#x54C1;</subfield>
  </datafield>
  <datafield tag="942" ind1=" " ind2=" ">
    <subfield code="2">ccl</subfield>
    <subfield code="c">BOOK</subfield>
  </datafield>
  <datafield tag="999" ind1=" " ind2=" ">
    <subfield code="c">7674</subfield>
    <subfield code="d">7674</subfield>
  </datafield>
  <datafield tag="952" ind1=" " ind2=" ">
    <subfield code="0">0</subfield>
    <subfield code="1">0</subfield>
    <subfield code="2">ccl</subfield>
    <subfield code="4">0</subfield>
    <subfield code="7">0</subfield>
    <subfield code="a">yeezen</subfield>
    <subfield code="b">yeezen</subfield>
    <subfield code="c">YEEZEN</subfield>
    <subfield code="d">2025-09-03</subfield>
    <subfield code="l">6</subfield>
    <subfield code="m">2</subfield>
    <subfield code="o">415</subfield>
    <subfield code="p">C03260</subfield>
    <subfield code="r">2026-03-09 00:00:00</subfield>
    <subfield code="s">2026-02-23</subfield>
    <subfield code="w">2025-09-03</subfield>
    <subfield code="y">BOOK</subfield>
    <subfield code="z">ICU&#xFF08;&#x52A0;&#x8B77;&#x75C5;&#x623F;&#xFF09;&#x4E3B;&#x6CBB;&#x91AB;&#x5E2B;,&#x5EA7;&#x53F3;&#x9298;&#x662F;&#x300C;&#x6551;&#x75C5;&#x4EBA;,&#x4E5F;&#x8981;&#x6551;&#x5BB6;&#x5C6C;&#x300D;&#x3002;&#x7531;&#x65BC;&#x51FA;&#x8EAB;&#x8CA7;&#x7AAE;,&#x65E9;&#x5E74;&#x55AA;&#x6BCD;,&#x66F4;&#x80FD;&#x540C;&#x7406;&#x75C5;&#x4EBA;&#x8207;&#x5BB6;&#x5C6C;&#x7ACB;&#x5834;&#x3002;&#x5728;&#x5B89;&#x5BE7;&#x5584;&#x7D42;&#x3001;&#x5668;&#x5B98;&#x6350;&#x8D08;&#x7B49;&#x65B9;&#x9762;&#x63A8;&#x5EE3;&#x4E0D;&#x907A;&#x9918;&#x529B;,&#x4EE5;&#x95DC;&#x61F7;&#x70BA;&#x51FA;&#x767C;&#x9EDE;,&#x5354;&#x52A9;&#x5BB6;&#x5C6C;&#x8F49;&#x5FF5;&#x3001;&#x89E3;&#x9664;&#x5167;&#x759A;&#x8207;&#x81EA;&#x8CAC;&#x3002;</subfield>
  </datafield>
</record>
